Paesi senza sbocco al mare A-Z - Statistics

Statistiche generali
  • Questo quiz è stato fatto 154 volte
    147 dall'ultimo reset
  • Il punteggio medio è 13 su 14
Statistiche sulle risposte
Lettera Paese % Corretto
A Afghanistan / Andorra / Armenia / Austria / Azerbaijan
99%
B Bielorussia / Bhutan / Bolivia / Botswana / Burkina Faso / Burundi
98%
U Uganda / Ungheria / Uzbekistan
95%
L Laos / Lesotho / Liechtenstein / Lussemburgo
94%
M Macedonia del Nord / Malawi / Mali / Moldavia / Mongolia
93%
S San Marino / Serbia / Slovacchia / Sud Sudan / Svizzera
93%
N Nepal / Niger
92%
R Repubblica Centrafricana / Repubblica Ceca / Ruanda
91%
Z Zambia / Zimbabwe
91%
C Ciad / Città del Vaticano
90%
K Kazakistan / Kirghizistan / Kosovo
88%
E Etiopia / eSwatini
87%
T Tagikistan / Turkmenistan
86%
P Paraguay
74%
Nessun quiz corrispondente trovato
Distribuzione punteggi
Percentuale di utenti per punteggio
Percentile per numero di risposta
I tuoi punteggi nel tempo
Non hai fatto questo quiz dall'ultimo reset